Monitor hospodárskej politiky

Na minha lista:
Detalhes bibliográficos
Formato: Periódico
Idioma:eslovaco
Publicado em: Bratislava Ekonomická univerzita v Bratislave 2018
Tags: Adicionar Tag
Sem tags, seja o primeiro a adicionar uma tag!

MARC

LEADER 00000nas2a2200000 4500
001 0246424
005 20230201153455.3
022 |a 2453-9287 
041 0 |a slo 
044 |a SK 
245 1 0 |a Monitor hospodárskej politiky 
264 1 |a Bratislava  |b Ekonomická univerzita v Bratislave  |c 2018 
773 0 |w eu_un_cat*0223562 
774 0 |w eu_un_cat*0290829